MDQL
is popping MORE tags! Check the
thread
!
Quizzes
Events
Quiz Creation
Community
Videos
Private Events
Remove Ads
Sign In
Join for FREE
Feedback
Dark Mode
Quiz Categories
Sports
Geography
Music
Movies
Television
Just For Fun
Miscellaneous
History
Literature
Language
Science
Gaming
Entertainment
Religion
Holiday
For Kids
Quiz Lab
Recent
Popular Today
Quiz Kudos Today
Editor Picks
Curator Picks
Quizzes by...
Day
Popularity
Type
Ratings
Length
Year
Community
Subscriptions
Recent Discussions
Orange Saloon
Badges
Playlists
Quests
Create
Leaderboards
Showdown
Live 5
Trivia Bingo
Activity
Puzzle Library
Sporcle Events
Private Events
Virtual Trivia
Globe League
Become a Host
Pub Owners
SporcleCon
Opinionation
Our Games
Videos
Blog
Mobile Apps
Partnerships
Remove Ads and Go Orange
Feedback
Geography
Country
Landmarks
City
State
Population
World
Capital
Continent
Flags
Europe
Africa
Asia
South America
North America
Oceania
Border
Canada
United Kingdom
Topography
United States
Geography
Country
Landmarks
City
State
Population
World
Capital
Continent
Flags
Europe
Africa
Asia
South America
North America
Oceania
Border
Canada
United Kingdom
Topography
United States
Random Quiz
Search Sporcle
×
Editor Pick
Editor Pick
Geography
State
Type in answers that appear in a list
Type in answers that appear in a list
Classic
Best Score? Go Orange.
Map the Counties of New York Stats
Can you name the counties of New York State?
By
mandyvigilante
10m
62 Questions
6,420 Plays
6,420 Plays
6,420 Plays
Comments
Comments
Give Quiz Kudos
Give Quiz Kudos
-
- Ratings
hide this ad
Replay
Link that replays current quiz
Next Quiz
Link to next quiz in quiz playlist
You Got
0%
They Got
Avg Score
56%
Avg Friend Score
Upgrade to see
Score Distribution
Jump to the score distribution portion of the page
Score
0/62
Timer
10:00
0
Plays Today
Number
County
% Correct
62
Queens
88%
58
Bronx
84.5%
59
New York
83%
60
Kings
81.7%
25
Albany
81.3%
57
Nassau
77.2%
55
Westchester
76.9%
56
Suffolk
75.7%
27
Erie
73.3%
52
Orange
70.6%
9
Oswego
70.2%
61
Richmond
67.3%
19
Monroe
65.1%
14
Washington
63.8%
16
Schenectady
63.8%
54
Rockland
63.6%
51
Dutchess
63.3%
17
Niagara
62.8%
6
Herkimer
62.5%
4
Jefferson
62.5%
53
Putnam
59.4%
35
Cortland
58.8%
1
St. Lawrence
58.6%
45
Broome
57.3%
22
Madison
57%
21
Onondaga
56.9%
10
Oneida
56.4%
31
Ontario
55.3%
13
Saratoga
55.2%
3
Clinton
54.8%
24
Schoharie
54.8%
Number
County
% Correct
2
Franklin
53.4%
47
Greene
53.4%
50
Ulster
53.3%
8
Essex
52.8%
28
Genesee
52.4%
7
Hamilton
52.3%
46
Delaware
52.1%
33
Seneca
51.1%
43
Tompkins
50.9%
49
Sullivan
50.6%
34
Cayuga
50.4%
23
Otsego
48.9%
26
Rensselaer
48.2%
48
Columbia
47.5%
29
Wyoming
46.8%
44
Tioga
46.7%
11
Warren
45.3%
12
Fulton
44.9%
20
Wayne
44.8%
15
Montgomery
44.5%
32
Yates
42.7%
5
Lewis
42.4%
18
Orleans
42.1%
42
Chemung
42%
40
Steuben
41.8%
39
Allegany
41.2%
30
Livingston
40.7%
37
Chautauqua
40.3%
38
Cattaraugus
40.2%
41
Schuyler
39.7%
36
Chenango
37.6%
Quiz Playlist
Details
Report
Send in Message
Add To Playlist
Classic:
Type in answers that appear in a list
Last Updated: Jul 13, 2017
Editor Pick in
Geography
Quiz Scoreboard
CHALLENGE
Sign Up to Join the Scoreboard
Show All
Scores
Hide
Comments
May contain spoilers
Recently Published
Holiday 10x10 Sorting Gallery
by lukepisani3
Holiday
15m
Two Season TV Shows II
by 123Four
Television
10m
Image Sorting: Flags VI
by Barbecue
Geography
2m
More to Explore
Quiz From the Vault
Featured Blog Post
14 Easter Pick-up Lines to Find Eggs With
hide this ad
You Might Also Like...
Tags
State Quiz
counties
map
New York
seat
Today's Top Quizzes in Geography
Browse Geography
hide this ad
Today's Top Quizzes in State
Browse State
Top Contributed Quizzes in Geography
1
Colored Red Europe Blitz I
2
Countries of the World - No Outlines Minefield
3
Colored Red Africa Blitz II
4
Colored Red Europe Blitz II
5
Colored Red Europe Blitz III
6
Colored Red Africa Blitz III
7
Colored Red States Blitz I
8
A Different View: World Oceans
9
Colored Red States Blitz II
10
Colored Red States Blitz III
Explore More
Trending Topics
Disney
Marvel
Kpop
Anime
Crossword
Harry Potter
NBA
NFL
Soccer
Song
Puzzle
WWE
Pokémon
The Office
Country
hide this ad
More By:
mandyvigilante
Quiz
Plays
Rating
Category
Featured
Created
Map the Counties of New York
6,420
4.00
Geography
Nov 16, 2011
Go to Creator's Profile
Score Distribution
Quiz Creator Spotlight
mandyvigilante
Follow
Send a Message
Quizzes Created
-
Created Quiz Play Count
-
More By This Creator
Popular Quizzes Today
1
Find the US States - No Outlines Minefield
2
Colored Red Africa Blitz
3
Find the 'City' Movie
4
The Countries of the World
5
Find the US States
6
5x2 Blitz: Bands
7
Find the Countries of Europe - No Outlines Minefield
8
US States
More Geography Quizzes
All about... Indonesia
Quiz Lab
Trending Quizzes
Colored Red Europe Blitz I
Colored Red Europe Blitz II
Colored Red Africa Blitz II
Colored Red Africa Blitz III
Colored Red Europe Blitz III
Recently Updated
Odd Team Out - Big 4 Players
pecheneg
Quick Pick: 20 Twenties
pecheneg
March Madness Men's Triple Doubles
pecheneg
How Do You Spell That?
pecheneg
Godzilla Movies
pecheneg
Grab Bag: 4-10 Letters
pecheneg
2024 March Madness Bracket
pecheneg
Famous TV Couples
Peacemaker
Champions League XIs: Real Madrid
pecheneg
Largest US Cities 1790-2010
pecheneg
Trending Topics
Marvel
NBA
Disney
Harry Potter
Anime
Kpop
Crossword
Country
Soccer
WWE
NFL
Pokémon
The Office
Puzzle
Song
Your Account Isn't Verified!
In order to create a playlist on Sporcle, you need to verify the email address you used during registration. Go to your
Sporcle Settings
to finish the process.
Report this User
Report this user for behavior that violates our
Community Guidelines
.
Details:
Send Report
Go to the Sporcle.com Mobile Site →
Comments